000 01396nas a2200277Ia 4500
001 R251-R3871
003 IT-CnALBA
008 170116c99999999xx |||||||||||| ||und||
040 _aIT-CnALBA
_cIT-CnALBA
041 _aITALIANO
100 _aTALIERCIO GIUSEPPE, MONSIGNORE
210 _aMINISTERIUM VERBI
222 _aMINISTERIUM VERBI
245 0 _aMINISTERIUM VERBI. ANNO LVIII. GENNAIO 1984. RIVISTA DI SACRA PREDICAZIONE.
_b RIVISTA DI SACRA PREDICAZIONE
250 _a1a ed.
260 _a ROVIGO
_bISTITUTO PADANO ARTI GRAFICHE
_c1984
300 _a64 p.
310 _aMENSILE
362 _aFascicolo: 1 / Anno: 58 (1984)
500 _aVANGELI DOMENICALI. ROMANATO M. SCALTRITI A.G. LAVARDA G. VANGELO MESSA DEL FANCIULLO. CATECHESI ADULTI, NOSTALGIA DELL'IMMACOLATA. PRESIDENTE PERTINI NON CREDENTE. LAICATO INFEDELE. S. FABIANO. S. SEBASTIANO. SALMI E VITA CRISTIANA. RIFLESSIONE PENITENZIALE.
501 _aSocietà San Paolo EM - Piazza San Paolo, 14 - 12051 ALBA (CN) (non commercial uses only) ® Copyright 2017
520 _aVANGELI DOMENICALI. ROMANATO M. SCALTRITI A.G. LAVARDA G. VANGELO MESSA DEL FANCIULLO. CATECHESI ADULTI, NOSTALGIA DELL'IMMACOLATA. PRESIDENTE PERTINI NON CREDENTE. LAICATO INFEDELE. S. FABIANO. S. SEBASTIANO. SALMI E VITA CRISTIANA. RIFLESSIONE PENITENZIALE.
650 _aPREDICAZIONE - ORATORIA SACRA
942 _cCR
957 _71
999 _a13925
_bNO
_g1
_c321883
_d321883